Central Library OPAC University of Rajshahi

Social networks and social support / (Record no. 5927)

MARC details
000 -LEADER
fixed length control field 00837nam a2200265 a 4500
001 - CONTROL NUMBER
control field 5927
003 - CONTROL NUMBER IDENTIFIER
rucl marc code BD-RjUL
005 - DATE AND TIME OF LATEST TRANSACTION
control field 20211208234144.0
008 - FIXED-LENGTH DATA ELEMENTS--GENERAL INFORMATION
fixed length control field 14 t1981 caua b 000 0 eng d
020 ## - INTERNATIONAL STANDARD BOOK NUMBER
International Standard Book Number 0803916698
International Standard Book Number 0803916701 (pbk)
035 ## - SYSTEM CONTROL NUMBER
System control number (BD-RjUL)5966
040 ## - CATALOGING SOURCE
Language of cataloging eng
Transcribing agency BD-RjUL
Modifying agency BD-RjUL
Original cataloging agency BD-RjUL
041 ## - LANGUAGE CODE
Language code of text/sound track or separate title eng
082 04 - DEWEY DECIMAL CLASSIFICATION NUMBER
Edition number 19
Classification number 362.2
Author mark and year SOC 1981
245 00 - TITLE STATEMENT
Title Social networks and social support /
Statement of responsibility, etc. edited by Benjamin H. Gottlieb
260 ## - PUBLICATION, DISTRIBUTION, ETC. (IMPRINT)
Place of publication, distribution, etc. Beverly Hills ;
-- London :
Name of publisher, distributor, etc. Sage,
Date of publication, distribution, etc. c1981.
300 ## - PHYSICAL DESCRIPTION
Pagination 304 p. :
Illustrations ill. ;
Size 23 cm.
490 0# - SERIES STATEMENT
Series statement Sage studies in community mental health ;
Volume/sequential designation v. 4
504 ## - BIBLIOGRAPHY, ETC. NOTE
Bibliography, etc Includes bibliographical references
650 #0 - SUBJECT ADDED ENTRY--TOPICAL TERM
Topical term or geographic name as entry element Community mental health services
General subdivision Social aspects
9 (RLIN) 18627
Topical term or geographic name as entry element Self-help groups.
9 (RLIN) 18628
Topical term or geographic name as entry element Voluntarism
9 (RLIN) 18629
942 ## - ADDED ENTRY ELEMENTS (KOHA)
Source of classification or shelving scheme Dewey Decimal Classification
Koha item type Books
Holdings
Lost status Source of classification or shelving scheme Damaged status Not for loan Collection code Permanent Location Current Location Shelving location Date acquired Source of acquisition Cost, normal purchase price Total Checkouts Full call number Date last seen Copy number Koha item type
  Dewey Decimal Classification   Not For Loan Non-fiction Central Library, University of Rajshahi Central Library, University of Rajshahi   05/01/1986 Toppan & co. 41.60   362.2 SOC 1981 08/01/2014 C-1 Books
  Dewey Decimal Classification     Non-fiction Central Library, University of Rajshahi Central Library, University of Rajshahi   05/01/1986 Toppan & co 41.60   362.2 SOC 1981 13/08/2016 C-2 Books
  Dewey Decimal Classification     Non-fiction Central Library, University of Rajshahi Central Library, University of Rajshahi   05/01/1986 Toppan & co 41.60   362.2 SOC 1981 13/08/2016 C-3 Books